| 000 | 00899nam a22003131i 4500 | ||
|---|---|---|---|
| 001 | 60380 | ||
| 003 | CO-BoRNBP | ||
| 005 | 20260202211253.0 | ||
| 007 | ta | ||
| 008 | 900725s1980 sp spa | ||
| 017 |
_aB 35372-1980 _bOficina Depósito Legal Barcelona |
||
| 020 | _a842643021X | ||
| 040 |
_aSpMaBN _bspa _cA2 |
||
| 080 | _a087.5:82 | ||
| 100 | 1 |
_aBuck, Pearl S. _d1892-1973 _968487 |
|
| 240 | 1 | 3 | _aEl dragón mágico |
| 245 | 1 | 3 |
_aEl dragón mágico _h[Texto impreso] _cPearl S. Buck ; dibujos de Ade Maio |
| 250 | _a2ª ed. | ||
| 300 |
_a101 p. _bil. _c18 x 17 cm |
||
| 336 |
_2rdacontent _atexto _btxt |
||
| 337 |
_2rdamedia _asin mediación _bn |
||
| 338 |
_2rdacarrier _avolumen _bnc |
||
| 490 | 0 |
_aColección Grandes Autores _v21 |
|
| 650 | _2LEMB | ||
| 700 | 1 |
_aMaio, Ade _968488 |
|
| 942 |
_2ddc _cBK |
||
| 956 | _a2 | ||
| 980 |
_aSpMaBN _bBNALCALA _jDL/158284 _cCONSERVACI |
||
| 999 |
_c60380 _d60380 |
||